000
00307nam a22001217a 4500
008
160511b xxu||||| |||| 00| 0 eng d
020
_a
9781416035299
020
_a
141603529
041
_a
eng
080
_a
61
245
_a
Medical clinics of north america / Nanomedicine:
_c
Chiming Wei MD;
942
_2
udc
_c
BK
999
_c
2055
_d
2055